| 000 | 00655nam a2200181 a 4500 | ||
|---|---|---|---|
| 005 | 20210219160537.0 | ||
| 008 | 081110s1980 mx r 000 0 spa d | ||
| 035 | _aUPN01000167554 | ||
| 049 | _aUNE | ||
| 080 | _a37.018.8 (728/ 729) NEC. | ||
| 245 | 0 | 0 | _aNecesidades educativas básicas de la población rural del área Centroamericana. |
| 260 |
_aGuatemala : _bCEC; _aParís : _bUNESCO; _aNueva York : _bUNICEF, _c1980. |
||
| 300 | _a239 p. | ||
| 500 | _aPrograma de Cooperación UNESCO/UNICEF. | ||
| 690 | _aEducacion basica- Poblacion rural- America Central | ||
| 690 | _aNecesidades educacionales- Zonas rurales- America Central | ||
| 905 | _aUNESCO | ||
| 999 |
_c139665 _d139665 |
||